Advanced techniques in soil microbiology

The techniques and procedures have been selected with the aim of offering practical guides for immediate use in the laboratory. The systems investigated range from individual molecules and cells to entire eukaryotic organisms, with a focus on bacteria, fungi, mycorrhiza, and higher plants. This volu...

Disgrifiad llawn

Wedi'i Gadw mewn:
Manylion Llyfryddiaeth
Fformat: Llyfr
Iaith:Undetermined
Cyhoeddwyd: Berlin Springer 2007
Pynciau:
Tagiau: Ychwanegu Tag
Dim Tagiau, Byddwch y cyntaf i dagio'r cofnod hwn!
Thư viện lưu trữ: Trung tâm Học liệu Trường Đại học Cần Thơ
LEADER 00964nam a2200193Ia 4500
001 CTU_153070
008 210402s9999 xx 000 0 und d
020 |c 144.88 
082 |a 579.1757 
082 |b A244 
245 0 |a Advanced techniques in soil microbiology 
245 0 |c Ajit Varma, Ralf Oelmüller (eds.) 
260 |a Berlin 
260 |b Springer 
260 |c 2007 
520 |a The techniques and procedures have been selected with the aim of offering practical guides for immediate use in the laboratory. The systems investigated range from individual molecules and cells to entire eukaryotic organisms, with a focus on bacteria, fungi, mycorrhiza, and higher plants. This volume of state-of-the-art, practice oriented methods will be of great use both to the first-timer and to the experienced scientist. 
650 |a Soil microbiology,Vi sinh học đất 
904 |i Trọng Hải 
980 |a Trung tâm Học liệu Trường Đại học Cần Thơ